Có một Việt Nam như thế = Le VietNam, tel qu'il est
Uloženo v:
| Hlavní autor: | |
|---|---|
| Médium: | Kniha |
| Jazyk: | Undetermined |
| Vydáno: |
H.
CTQG
1996
|
| Témata: | |
| Tagy: |
Přidat tag
Žádné tagy, Buďte první, kdo otaguje tento záznam!
|
| Thư viện lưu trữ: | Trung tâm Học liệu Trường Đại học Cần Thơ |
|---|
| LEADER | 00558nam a2200205Ia 4500 | ||
|---|---|---|---|
| 001 | CTU_47193 | ||
| 008 | 210402s9999 xx 000 0 und d | ||
| 082 | |a 330.9597 | ||
| 082 | |b Nh120 | ||
| 100 | |a Trần Nhâm | ||
| 245 | 0 | |a Có một Việt Nam như thế | |
| 245 | 0 | |b = Le VietNam, tel qu'il est | |
| 245 | 0 | |c Trần Nhâm | |
| 260 | |a H. | ||
| 260 | |b CTQG | ||
| 260 | |c 1996 | ||
| 650 | |a vietnam | ||
| 650 | |x economic conditions,developing countries | ||
| 904 | |i Minh | ||
| 980 | |a Trung tâm Học liệu Trường Đại học Cần Thơ | ||